000 00429nam a2200133 4500
001 4635
005 20181127173827.0
090 0 0 _a333.953 N9613r 2015
245 0 0 _aRhododendrons of the royal botanical park :
_bcovering the places of Dochula, Helela and Sinchula.
_c
_h
260 0 0 _aThimphu :
_bAuthor,
_c1999.
300 0 0 _a52 p. ; col. ill.
650 0 0 _aRhododendrons --Bhutan.
_x
650 0 0 _aWild flowers --Bhutan --Identification.
_x
999 _c3844
_d3844